000 01861cam a22005054i 4500
003 PE-LiUPU
005 20250731165454.0
008 150623s r 000 0 d
020 _a9004096981
035 _a(Sirsi) i9789004096981
040 _aPE-LiUPU
_bspa
_cPE-LiUPU
_erda
049 _aPRUA
082 0 4 _a492.4321d
_bK71
_221
100 1 _aKöhler, Ludwig,
_d1880-1956,
_eautor.
245 1 4 _aThe Hebrew and Aramaic lexicon of the Old Testament.
_n3 /
_cLudwig Koehler y Walter Baumgartner ; revisado por Walter Baumgartner y Johann Jakob Stamm ; con assistencia de Benedikt Hartmann .. [et al.].
264 1 _aLeiden, The Netherlands :
_bE. J. Brill,
_c1996.
300 _a1364 páginas ;
_c25 centímetros
336 _atext
_2rdacontent
337 _aunmediated
_2rdamedia
338 _avolume
_2rdacarrier
505 0 _aDictionary. -Hebrew.
526 _aSEG44
526 _aSEG26
526 _aP151
526 _aP150
526 _aP149
526 _aP146
526 _aP145
526 _aP126
526 _aP125
526 _aP92
526 _aP75
526 _aP74
526 _aP27
526 _aP15
650 0 4 _aArameo
_vDiccionarios
_xInglés.
650 0 4 _aHebreo
_vDiccionarios
_xInglés.
700 1 _aBaumgartner, Walter,
_eautor.
942 _2ddc
_cBOOK
949 _aRC 492.4321D K71 3
_wDEWEY
_c1
_i44793
_d2015-10-20
_lCCODEBUL1
_mBUL
_q1
_r0
_sY
_tBOOK
_u2015-6-24
_xTEOLOGIA
_PP35
_0COMPRA
_o.CIRCNOTE. No olvidar cambiar la fecha de devolución!!!!!!!
_o.STAFF. Colección General
994 _aC0
_bPEPRU
596 _a1
999 _aRC 492.4321D K71 3
_wDEWEY
_c21662
_i44793
_d21662
_f2021-11-8
_g5
_lCCODEBUL1
_mBUL
_q9
_r1
_sY
_tBOOK
_u2015-6-24
_xTEOLOGIA
_PP35
_0COMPRA
_o.CIRCNOTE. No olvidar cambiar la fecha de devolución!!!!!!!
_o.STAFF. Colección General
980 _81
_gALBERTO SANCHEZ Responsable de Automatización